| 000 | 00549nam a2200097Ia 4500 | ||
|---|---|---|---|
| 008 | 170517s9999 xx 000 0 und d | ||
| 245 | _aAndy Goldsworthy's Rivers and Tides | ||
| 300 | _aDocumentarian Thomas Riedelsheimer shows us Andy Goldsworthy as he creates art in natural settings using natural materials such as driftwood, ice, mud, leaves, and stones. Goldsworthy comments on his "earthworks" and occasionally responds to off screen questions from... | ||
| 650 | _xArt. | ||
| 856 | _uhttp://topdocumentaryfilms.com/andy-goldsworthys-rivers-tides/ | ||
| 999 |
_c333112 _d333112 |
||